Les Différents Régiments de l'Armée de Terre - Statistiques

Statistiques générales
  • Ce quiz a été pris 392 fois
  • Le résultat moyen est 8 sur 88
Statistiques - réponses
Régiment Nom complet ou Abréviation % Correct
1er RI 1er Régiment d'Infanterie
98%
24e RI 24e Régiment d'Infanterie
46%
35e RI 35e Régiment d'Infanterie
35%
152e RI 152e Régiment d'Infanterie
31%
92e RI 92e Régiment d'Infanterie
29%
1er RTir 1er Régiment de Tirailleurs
28%
3e RP 3e Régiment de Parachutiste
27%
126e RI 126e Régiment d'Infanterie
24%
RMT Régiment de Marche du Tchad
22%
35e RIMa 35e Régiment d'Infanterie de Marine
21%
1erRPIMa 1er Régiment d'Infanterie de Marine
17%
1er RIMa 1er Régiment d'Infanterie de Marine
17%
1er RA 1er Régiment d'Artillerie
13%
54e RA 54e Régiment d'Artillerie
11%
13e RDP 13e Régiment de Dragons Parachutistes
10%
1er RHP 1er Régiment de Hussards Parachutistes
10%
3e RAMa 3e Régiment d'Artillerie de Marine
10%
61e RA 61e Régiment d'Artillerie
10%
11e RAMa 11e Régiment d'Artillerie de Marine
9%
132e RIC 132e Régiment d'Infanterie Cynotechnique
9%
2e REI 2e Régiment Etranger d'Infanterie
9%
3e RH 3e Régiment de Hussards
9%
519e RT 519e Régiment du Train
9%
2e RH 2e Régiment de Hussards
8%
2e RPIMa 2e Régiment de Parachutistes d'Infanterie de Marine
8%
2e RMAT 2e Régiment duMatériel
8%
35e RAP 35e Régiment d'Artillerie Parachutiste
8%
3e RPIMa 3e Régiment de Parachutistes d'Infanterie de Marine
8%
3e REI 3e Régiment Etranger d'Infanterie
8%
40e RT 40e Régiment de Transmissions
8%
41e RT 41e Régiment de Transmissions
8%
44e RT 44e Régiment de Transmissions
8%
4e RCh 4e Régiment de Chasseurs
8%
501e RCC 501e Régiment de Chars de Combat
8%
6e RMAT 6e Régiment duMatériel
8%
8e RPIMa 8e Régiment de Parachutistes d'Infanterie de Marine
8%
8e RT 8e Régiment de Transmissions
8%
1er RC 1er Régiment de Chasseurs
7%
1er RHC 1er Régiment d'Hélicoptères de Combat
7%
28e RT 28e Régiment de Transmissions
7%
3e RHC 3e Régiment d'Hélicoptères de Combat
7%
48e RT 48e Régiment de Transmissions
7%
4e RMAT 4e Régiment duMatériel
7%
511e RT 511e Régiment du Train
7%
515e RT 515e Régiment du Train
7%
54e RT 54e Régiment de Transmissions
7%
7e RMAT 7e Régiment duMatériel
7%
8e RMAT 8e Régiment duMatériel
7%
1er REC 1er Régiment Etranger de Cavalerie
6%
3e RMAT 3e Régiment du Matériel
6%
503e RT 503e Régiment du Train
6%
516e RT 516e Régiment du Train
6%
53e RT 53e Régiment de Transmissions
6%
5e RD 5e Régiment de Dragons
6%
5e RHC 5e Régiment d'Hélicoptères de Combat
6%
121e RT 121e Régiment du Train
5%
12e RC 12e Régiment de Cuirassiers
4%
1er RS 1er Régiment de Spahis
4%
2e RD 2e Régiment de Dragons
4%
2e RHC 2e Régiment d'Hélicoptères de Combat
4%
4e RHFS 4e Régiment d'Hélicoptères des Forces Spéciales
4%
4e RE 4e Régiment Etranger
4%
6e RHC 6e Régiment d'Hélicoptères de Combat
4%
93e RAM 93e Régiment d'Artillerie de Montagne
4%
1er RTP 1er Régiment du Train Parachutiste
3%
5e RC 5e Régiment de Cuirassiers
3%
68e RAA 68e Régiment d'Artillerie d'Afrique
3%
14e RISLP 14e Régiment d'Infanterie et de Soutien Logistique Parachutiste
1%
1er RSMV 1er Régiment du Service Militaire Volontaire
1%
40e RE 40e Régiment d'Artillerie
1%
5e RIAOM 5e Régiment Interarmes d'Outre-Mer
1%
RICM Régiment d'Infanterie Chars de Marine
1%
RM Régiment Médical
1%
1er RCA 1er Régiment de Chasseurs d'Afrique
0%
1er RE 1er Régiment Eranger
0%
2e RSMV 2e Régiment du Service Militaire Volontaire
0%
3e RIMa 3e Régiment d'Infantrie de Marine
0%
3e RSMV 3e Régiment du Service Militaire Volontaire
0%
9e RSAM 9e Régiment de Soutien Aéromobile
0%
RIMa-NC Régiment d'Infanterie de Marine du Pacifique - Nouvelle-Calédonie
0%
RIMa-P Régiment d'Infanterie de Marine du Pacifique - Polynésie
0%
RSMA-Ga Régiment du Service Militaire Adapté de la Guadeloupe
0%
RSMA-G Régiment du Service Militaire Adapté de la Guyane
0%
RSMA-M Régiment du Service Militaire Adapté de la Martinique
0%
RSMA-R Régiment du Service Militaire Adapté de La Réunion
0%
RSMA-MY Régiment du Service Militaire Adapté de Mayotte
0%
RSMA-NC Régiment du Service Militaire Adapté de Nouvelle-Calédonie
0%
RSMA-PF Régiment du Service Militaire Adapté de Polynésie Française
0%
Aucun quiz correspondant
Distribution des résultats
% des personnes avec chaque résultat
Percentile par nombre de réponses
Votre historique - résultats
Vous n’avez pas pris ce quiz